Application the Binomial Distribution, Hypergeometric Distribution and Poisson Probability Distribution in Accounting

Genetický vzorec pre výpočet priemernej a štandartnej deviácie akéhokoľvek typu pravdepodobnej distribúcie. Tri typy aplikovateľných diskrétnych pravdepodobných distribúcií: binominálna, toxická a hypergeometrická distribúcia.

Saved in:
Bibliographic Details
Main Author: Kubaščíková, Zuzana, 1982-
Format: Book Chapter
Language:English
Subjects:
Tags: Add Tag
No Tags, Be the first to tag this record!

MARC

LEADER 00000nla a2200000 4500
001 0240937
005 20240502083646.3
041 0 |a eng 
044 |a CZ 
245 1 0 |a Application the Binomial Distribution, Hypergeometric Distribution and Poisson Probability Distribution in Accounting  |c Zuzana Kubaščíková 
520 |a Genetický vzorec pre výpočet priemernej a štandartnej deviácie akéhokoľvek typu pravdepodobnej distribúcie. Tri typy aplikovateľných diskrétnych pravdepodobných distribúcií: binominálna, toxická a hypergeometrická distribúcia. 
610 2 0 |a účtovníctvo 
610 2 0 |a distribúcia 
610 2 0 |a informácie účtovné 
610 2 0 |a audit 
610 2 0 |a pravdepodobnosť 
610 2 0 |a vzorce 
610 2 0 |a vzorce kalkulačné 
610 2 0 |a štatistika ekonomická 
100 1 |a Kubaščíková, Zuzana, 1982-